00753 2200205 4500001002100000005001700021008004100038035002400079040001200103082000800115090001700123100003200140245013300172260010000305300004000405500002500445504003000470650002900500990001800529YOGYA-0113000000092120130115080309.0 ind  0010-011300000000921 aYOPDYOG a361 aSK 361 Mur P aMURNI, KRISTINA SURYANTI M. aPelaksanaan program Jamsostek sebagai salah satu bentuk jaminan sosial bagi tenaga kerja/disusun oleh Kristina Suryanti M. Murni aYogyakartabProgram Studi Ilmu Sosiatri Sekolah Tinggi Pembangunan Masyarakat Desa "APMD"c2004 aIX, 121, (8) lbrbilus, lampc29 cm aSkripsi STPMD "APMD" aBibliografi (lbr.115-116) aKesejahteraan masyarakat a43003-PD/A.12